The red badge of courage. (Record no. 173308)
[ view plain ]
| 000 -LEADER | |
|---|---|
| fixed length control field | 01204cam a2200325 a 4500 |
| 001 - CONTROL NUMBER | |
| control field | 1615756 |
| 003 - CONTROL NUMBER IDENTIFIER | |
| control field | Nust |
| 005 - DATE AND TIME OF LATEST TRANSACTION | |
| control field | 20220829145253.0 |
| 008 - FIXED-LENGTH DATA ELEMENTS--GENERAL INFORMATION | |
| fixed length control field | 950524s1995 nyuab 000 1 eng |
| 010 ## - LIBRARY OF CONGRESS CONTROL NUMBER | |
| LC control number | 95022834 |
| 020 ## - INTERNATIONAL STANDARD BOOK NUMBER | |
| International Standard Book Number | 1853260843 (pbk.) |
| 040 ## - CATALOGING SOURCE | |
| Original cataloging agency | DLC |
| Transcribing agency | DLC |
| Modifying agency | DLC |
| 043 ## - GEOGRAPHIC AREA CODE | |
| Geographic area code | n-us-va |
| -- | n-us--- |
| 050 00 - LIBRARY OF CONGRESS CALL NUMBER | |
| Classification number | PS1449.C85 |
| Item number | R3 1995 |
| 082 00 - DEWEY DECIMAL CLASSIFICATION NUMBER | |
| Classification number | 823 |
| Author Mark | CRA |
| 100 1# - MAIN ENTRY--PERSONAL NAME | |
| Personal name | Crane, Stephen, |
| Dates associated with a name | 1871-1900. |
| 9 (RLIN) | 12120 |
| 245 14 - TITLE STATEMENT | |
| Title | The red badge of courage. |
| 246 1# - VARYING FORM OF TITLE | |
| Display text | At head of title: |
| Title proper/short title | Stephen Crane's novel of the Civil War |
| 250 ## - EDITION STATEMENT | |
| Edition statement | An historically annotated ed. / |
| Remainder of edition statement | by Charles J. LaRocca, 1st ed. |
| 260 ## - PUBLICATION, DISTRIBUTION, ETC. | |
| Place of publication, distribution, etc. | Fleischmanns, N.Y. : |
| Name of publisher, distributor, etc. | Purple Mountain Press, |
| Date of publication, distribution, etc. | 1995. |
| 300 ## - PHYSICAL DESCRIPTION | |
| Extent | xxviii, 156 p. : |
| Other physical details | ill., maps ; |
| Dimensions | 23 cm. |
| 650 #0 - SUBJECT ADDED ENTRY--TOPICAL TERM | |
| Topical term or geographic name entry element | Chancellorsville, Battle of, Chancellorsville, Va., 1863 |
| Form subdivision | Fiction. |
| 9 (RLIN) | 12128 |
| 651 #0 - SUBJECT ADDED ENTRY--GEOGRAPHIC NAME | |
| Geographic name | Virginia |
| General subdivision | History |
| Chronological subdivision | Civil War, 1861-1865 |
| Form subdivision | Fiction. |
| 9 (RLIN) | 12129 |
| 655 #7 - INDEX TERM--GENRE/FORM | |
| Genre/form data or focus term | Historical fiction. |
| Source of term | gsafd |
| 655 #7 - INDEX TERM--GENRE/FORM | |
| Genre/form data or focus term | War stories. |
| Source of term | gsafd |
| 700 1# - ADDED ENTRY--PERSONAL NAME | |
| Personal name | LaRocca, Charles J., |
| Dates associated with a name | 1946- |
| 9 (RLIN) | 98594 |
| 906 ## - LOCAL DATA ELEMENT F, LDF (RLIN) | |
| a | 7 |
| b | cbc |
| c | orignew |
| d | 1 |
| e | ocip |
| f | 19 |
| g | y-gencatlg |
| 942 ## - ADDED ENTRY ELEMENTS (KOHA) | |
| Source of classification or shelving scheme | |
| Koha item type | Book |
| Withdrawn status | Lost status | Source of classification or shelving scheme | Damaged status | Not for loan | Permanent Location | Current Location | Shelving location | Date acquired | Total Renewals | Full call number | Barcode | Date last seen | Copy number | Price effective from | Koha item type |
|---|---|---|---|---|---|---|---|---|---|---|---|---|---|---|---|
| Central Library (CL) | Central Library (CL) | Fiction | 01/21/2017 | 3 | 823 CRA | CL1102 | 06/10/2022 | 1 | 01/21/2017 | Book |
